La Dinamització dels centres comercials urbans / Enric Llarch (direcció) ; Albert de Gregorio ... [et al.]
ISBN:
84-7794-660-4
Descripción Física:
69 p. ; 30 cm
Colección:
Quaderns de promoció econòmica local ; 1
MARC
| LEADER | 00000nam a2200000Ia 4500 | ||
|---|---|---|---|
| 001 | 12347 | ||
| 008 | 160829s1999 xx 000 0 cat d | ||
| 020 | |a 84-7794-660-4 | ||
| 080 | |a M-1-53 | ||
| 245 | |a La Dinamització dels centres comercials urbans / Enric Llarch (direcció) ; Albert de Gregorio ... [et al.] | ||
| 260 | |a Barcelona : |b Diputació de Barcelona, Servei de Promoció Econòmica Local, |c 1999 | ||
| 300 | |a 69 p. ; |c 30 cm | ||
| 490 | |a Quaderns de promoció econòmica local ; 1 | ||
| 650 | |a Centres comercials |x Catalunya |x Planificació |9 26801 | ||
| 700 | |a Llarch, Enric |9 34842 | ||
| 700 | |a Gregorio, Albert de |9 26803 | ||
| 901 | |a Arxiu | ||
| 942 | |n 1 | ||
| 952 | |0 0 |1 0 |4 0 |6 M153 |7 1 |9 44149 |a Arxiu |b Arxiu |d 2016-12-01 |l 0 |o M-1-53 |p 12347 |r 2016-12-01 00:00:00 |w 2016-12-01 |y ARXIU | ||
| 999 | |c 46729 |d 46729 | ||